00738 2200253 4500001002100000005001500021035002000036007000300056008004100059020002200100082001000122084001600132100001700148245009100165250002200256260003700278300002300315500004900338650001800387700002600405504003100431990001100462990001100473INLIS00000000000314620190207091239 a0010-0219000088ta190207 g 0 ind  a978-602-1243-25-1 a297.3 a297.3 AHM s0 aAHMAD, Farid1 aSyarah Akidah Ahlus Sunnah Wal Jamaah /cAhmad Farid; penyunting, Farvin Sabilla Matin aed. revisi, cet.2 aSolo :bFatiha Publishing,c2017 a354 hlm. ;c24 cm. aJudul asli : Aqidatu Ahlissunnah wal Jama'ah aISLAM. AQIDAH0 aFARVIN, Sabilla Matin aBibliografi : hlm. 351-354 a6473 a a6473 b